Y a mi sobrino Albert le dejo la isla que le gané a Fatty Hagan en una partida de póquer / (Registro nro. 9004)

Detalles MARC
000 -LIDER
fixed length control field 00846nam a22002537a 4500
001 - NÚMERO DE CONTROL
Identificador de número de control 0166
003 - IDENTIFICACDOR DE NÚMERO DE CONTROL
control field DO-SdBNP
005 - DATE AND TIME OF LATEST TRANSACTION
control field 20180207115603.0
007 - CAMPOS FIJOS DE DESCRIPCIÓN FÍSICA
fixed length control field 0166
008 - ELEMENTOS DE LONGITUD FIJA
fixed length control field 151005b1989 sp 00| 0 spa d
020 ## - ISBN
International Standard Book Number 8422627957
040 ## - FUENTE DE CATALOGACIÓN
Agencia que crea de manera original el registro BPMSU
Idioma de catalogación spa
Agencia que realiza la transcripción BPMSU
100 1# - ASIENTO PRINCIPAL -- NOMBRE PERSONAL
Nombre personal Forrest, David
240 10 - TITULO UNIFORME
Título uniforme And to my Nephew Albert i leave the island what i won off fatty hagan in a pocker game
Idioma de una obra eng.
245 10 - MENCIÓN DE TITULO
Título Y a mi sobrino Albert le dejo la isla que le gané a Fatty Hagan en una partida de póquer /
Mención de responsabilidad David Forrest ; traducción Gabriel López Guix
260 ## - PUBLICACIÓN, DISTRIBUCIÓN, ETC. (PIE DE IMPRENTA)
Lugar de publicación, distribución, etc Barcelona :
Nombre del editor, distribuidor, etc. Circulo de lectores,
Fecha de publicación, distribución, etc 1989.
300 ## - DESCRIPCIÓN FÍSICA
Extensión 252 p.. :
Dimensiones 22 cm.
490 1# - MENCIÓN DE SERIES
Mención de serie Circulo de lectores
Volume/sequential designation 7
700 1# - ASIENTO SECUNDARIO -- NOMBRE PERSONAL
Nombre personal López Guix, Gabriel
Mención de responsabilidad trad.
830 #0 - ASIENTO SECUNDARIO DE SERIE--TÍTULO UNIFORME
Título uniforme Circulo de lectores
Número de la parte o sección de una obra 7
942 ## - ADDED ENTRY ELEMENTS (KOHA)
Source of classification or shelving scheme Dewey Decimal Classification
Koha item type Libros
945 ## - INFORMACIÓN DE PROCESAMIENTO LOCAL
Información de procesamiento local Inventariado, 2018/MFF
956 ## - LOCAL ELECTRONIC LOCATION AND ACCESS (OCLC)
Nombre de host Yngrid Lockward
Existencias
Withdrawn status Lost status Source of classification or shelving scheme Damaged status Not for loan Home library Current library Date acquired Source of acquisition Total Checkouts Barcode Date last seen Price effective from Koha item type
    Dewey Decimal Classification     Biblioteca Pública Metropolitana Salomé Ureña Biblioteca Pública Metropolitana Salomé Ureña 12/04/2015 Donación   BPMSU15120038 12/04/2015 12/04/2015 Libros